Statistics for Five Countries Missing from the World Map by Continent

Click here to take the quiz!

General Stats

  • This quiz has been taken 6,853 times
  • The average score is 24 of 30

Answer Stats

Continent Country % Correct
North AmericaCanada
100%
South AmericaBolivia
98%
AfricaAlgeria
97%
South AmericaColombia
97%
South AmericaParaguay
97%
North AmericaPanama
95%
AsiaPakistan
93%
EuropeBelarus
92%
South AmericaEcuador
92%
EuropeSlovakia
88%
North AmericaGuatemala
87%
EuropePortugal
86%
OceaniaNew Zealand
85%
South AmericaSuriname
83%
EuropeDenmark
83%
AfricaUganda
80%
North AmericaCuba
80%
AsiaOman
79%
North AmericaHaiti
76%
AfricaMadagascar
75%
AfricaEritrea
73%
AsiaJordan
71%
AsiaMalaysia
70%
AsiaCambodia
67%
OceaniaFiji
65%
EuropeEstonia
64%
AfricaLiberia
63%
OceaniaKiribati
62%
OceaniaNauru
57%
OceaniaPalau
57%

Score Distribution

Percentile by Number Answered

Percent of People with Each Score

Your Score History

You have not taken this quiz